In the wilds of climate law (Record no. 81793)
[ view plain ]
| 000 -LEADER | |
|---|---|
| fixed length control field | 01307nam a2200313 a 4500 |
| 245 00 - TITLE STATEMENT | |
| Title | In the wilds of climate law |
| 250 ## - EDITION STATEMENT | |
| Edition statement | 1st ed. |
| 260 ## - PUBLICATION, DISTRIBUTION, ETC. (IMPRINT) | |
| Place of publication | Bowen Hills, Qld. : |
| Name of publisher | Australian Academic Press, |
| Year of publication | 2010. |
| 300 ## - PHYSICAL DESCRIPTION | |
| Number of Pages | xii, 271 p. |
| 505 0# - FORMATTED CONTENTS NOTE | |
| Formatted contents note | pt. 1. Keynote -- pt. 2. International perspectives -- pt. 3. Emissions trading -- pt. 4. Litigation and business liability. |
| 650 #0 - SUBJECT ADDED ENTRY--TOPICAL TERM | |
| Topical Term | Climatic changes |
| Topical Term | Environmental law, International. |
| 700 1# - ADDED ENTRY--PERSONAL NAME | |
| Personal name | Lyster, Rosemary. |
| 856 40 - ELECTRONIC LOCATION AND ACCESS | |
| Uniform Resource Identifier | http://site.ebrary.com/lib/rucke/Doc?id=10568857 |
No items available.
